000
00346nam a2200157Ia 4500
003
OSt
005
20231123063613.0
008
170524s9999 xx 000 0 und d
020
_a
0-07-451514-4
040
_c
IIMT
100
_a
Andrews sudhir
245
0
_a
Hotel housekeeping
260
_b
Tata mcgraw hill
260
_c
1985
942
_2
ddc
_c
02
999
_c
6340
_d
6340